| 000 | 00700nam a2200241 a 4500 | ||
|---|---|---|---|
| 001 | BRCA_7397 | ||
| 005 | 20190320205824.0 | ||
| 008 | 220313s1938----mx-a######---#000-0#spa-# | ||
| 041 | _aspa | ||
| 044 | _amx | ||
| 050 | 4 |
_aND259 _b.T68 1938 |
|
| 100 | 1 |
_aToussaint, Manuel _96793 |
|
| 245 | 1 | 0 |
_aRetrato y paisaje en la obra de Cecil Crawford o´Gorman _cManuel Toussaint. |
| 260 |
_aMéxico _bAlcancia _c1938 |
||
| 300 |
_a21 p. _bil., 18 láminas |
||
| 500 | _aQ112 | ||
| 600 | 1 | 4 |
_aO´Gorman, Cecil Crawford _d1874-1943 _918253 |
| 650 | 1 | 4 |
_aPintores mexicanos _94220 |
| 650 | 1 | 4 |
_aPaisajes, Pintura de _zMéxico _99429 |
| 650 | 1 | 4 |
_aRetratos mexicanos _912016 |
| 902 | _aGFM | ||
| 942 |
_2lcc _cB |
||
| 999 |
_c7073 _d7073 |
||